Statistiques concernant Culture Générale - Série 669

Cliquez ici pour prendre le quiz!

Statistiques générales

  • Ce quiz a été pris 304 fois
  • Le résultat moyen est 7 sur 10

Statistiques - réponses

QuestionRéponse% Correct
Quel pays a des frontières communes avec la Suisse et l'Espagne ?France
98%
Quel nom désigne à la fois une civilisation précolombienne et une célèbre abeille de dessin animé ?Maya
98%
En plus de la belette, quel est le troisième compère dans la chanson pour enfants "J'ai vu le loup" ?renard
90%
Selon la Bible, quel géant philistin a été abattu d'une pierre, lancée à la fronde par le jeune David ?Goliath
84%
Quel sigle, qui signifie Liquid Crystal Display, emploie-t-on couramment pour désigner un écran à cristaux liquides ?LCD
84%
Complétez le titre d'une chanson de Serge Gainsbourg : "Je suis venu te dire que je...m'en vais
83%
Dans quel sport Nadia Comaneci s'est-elle illustrée ?gymnastique
65%
Quel chanteur s'est imposé au grand public avec le titre "Parce qu'on vient de loin" ?Corneille
62%
Quel personnage Sim incarnait-il, dans l'adaptation cinématographique d'"Astérix aux Jeux olympiques", sortie en 2008 ?Agecanonix
37%
Quelle romancière, prénommée Françoise, a écrit la comédie musicale “La Valise en carton”, interprétée par Linda De Suza ?Françoise Dorin
8%

Distribution des résultats

Percentile par nombre de réponses

% des personnes avec chaque résultat

Votre développement - résultats

Vous n’avez pas pris ce quiz